000 00626nam a22002057a 4500
003 OSt
005 20180907070906.0
008 180302b xxu||||| |||| 00| 0 spa d
020 _a9502005501
040 _cPJ
100 _91942
_aKielmanovich, Jorge L.
245 1 0 _aRecurso de apelación :
_bteoría y práctica /
_cJorge L. Kielmanovich.
260 _aBuenos Aires :
_bAstrea,
_c1989.
300 _a129 p.
_c23 cm.
650 0 _9267
_aDERECHO PROCESAL
650 0 _91955
_aRECURSOS
650 0 _92083
_aRECURSO DE APELACIÓN (PROCESAL)
650 0 _92084
_aSENTENCIA DEFINITIVA
942 _2udc
_cLIB
_h342.956
_iKIE
999 _c1386
_d1386